Fast Mental Maths - Statistics

General Stats
  • This quiz has been taken 1,589 times
  • The average score is 10 of 10
Answer Stats
Sum Answer % Correct
1+0 1
100%
1+1 2
99%
94+82 176
98%
333+333 666
98%
21+64 85
98%
53+39 92
98%
38+66 104
97%
88+59 147
97%
194+95 289
97%
283+29 312
97%
No matching quizzes found
Score Distribution
Percent of People with Each Score
Percentile by Number Answered
Your Score History
You have not taken this quiz